Zaviya 3 (Record no. 531746)
[ view plain ]
| 000 -LEADER | |
|---|---|
| fixed length control field | 00190nam a22000977a 4500 |
| 040 ## - CATALOGING SOURCE | |
| Transcribing agency | DLC |
| 082 ## - DEWEY DECIMAL CLASSIFICATION NUMBER | |
| Classification number | 891.4393 |
| Author Mark | ASH |
| 100 ## - MAIN ENTRY--PERSONAL NAME | |
| Personal name | Ashfaq Ahmed |
| 9 (RLIN) | 651 |
| 245 ## - TITLE STATEMENT | |
| Title | Zaviya 3 |
| 942 ## - ADDED ENTRY ELEMENTS (KOHA) | |
| Source of classification or shelving scheme | |
| Koha item type | Book |
| Withdrawn status | Lost status | Source of classification or shelving scheme | Damaged status | Not for loan | Permanent Location | Current Location | Date acquired | Total Checkouts | Total Renewals | Full call number | Barcode | Date last seen | Date last checked out | Price effective from | Koha item type |
|---|---|---|---|---|---|---|---|---|---|---|---|---|---|---|---|
| School of Civil and Environmental Engineering (SCEE) | School of Civil and Environmental Engineering (SCEE) | 10/25/2019 | 2 | 1 | 891.4393 ASH | NIT-11975 | 01/11/2024 | 01/05/2024 | 10/25/2019 | Book |
